书目信息 |
| 题名: |
民国经济
|
|
| 作者: | 刘凤翰 主编 ;肜新春 编著 | |
| 分册: | ||
| 出版信息: | 北京 中国大百科全书出版社 2016 |
|
| 页数: | 316页 | |
| 开本: | 23cm | |
| 丛书名: | 台湾“中研院”口述历史系列 | |
| 单 册: | ||
| 中图分类: | F129.6 | |
| 科图分类: | ||
| 主题词: | 经济史--jing ji shi--中国--民国 | |
| 电子资源: | ||
| ISBN: | 978-7-5000-9721-1 | |
| 000 | 01225nam0 22003251 450 | |
| 001 | 0124140254 | |
| 005 | 20170327144434.13 | |
| 010 | @a978-7-5000-9721-1@dCNY39.00 | |
| 100 | @a20160331d2016 em y0chiy50 ea | |
| 101 | 0 | @achi |
| 102 | @aCN@b110000 | |
| 105 | @ay z 000yy | |
| 106 | @ar | |
| 200 | 1 | @a民国经济@9min guo jing ji@e亲历者口述实录@f刘凤翰主编@g肜新春编著 |
| 205 | @a第2版 | |
| 210 | @a北京@c中国大百科全书出版社@d2016 | |
| 215 | @a316页@d23cm | |
| 225 | 2 | @a台湾“中研院”口述历史系列@9tai wan zhong yan yuan kou shu li shi xi lie |
| 225 | 2 | @a百科史学@9bai ke shi xue@i口述历史丛书 |
| 330 | @a1912年中华民国成立,虽然在政治上并没有建成一个真正的资产阶级民主共和国,但却为资本主义的发展提供了了一定有利条件,中国的现代化建设进入了启动阶段。 | |
| 333 | @a适用于世界经济发展研究者、经济学研究人员及相关读者。 | |
| 461 | 0 | @12001 @a台湾“中研院”口述历史系列 |
| 461 | 0 | @12001 @a百科史学@i口述历史丛书 |
| 517 | 1 | @a亲历者口述实录@9qin li zhe kou shu shi lu |
| 606 | 0 | @a经济史@9jing ji shi@y中国@z民国 |
| 690 | @aF129.6@v5 | |
| 701 | 0 | @a刘凤翰@9liu feng han@4主编 |
| 702 | 0 | @a肜新春@9rong xin chun@4编著 |
| 801 | 0 | @aCN@bTANGWEI@c20170308 |
| 905 | @b0962859-62@dF129.6@e99=2@f4 | |
| 民国经济:亲历者口述实录/刘凤翰主编/肜新春编著.-第2版.-北京:中国大百科全书出版社,2016 |
| 316页;23cm.-(台湾“中研院”口述历史系列).-(百科史学.口述历史丛书) |
| 使用对象:适用于世界经济发展研究者、经济学研究人员及相关读者。 |
| ISBN 978-7-5000-9721-1:CNY39.00 |
| 1912年中华民国成立,虽然在政治上并没有建成一个真正的资产阶级民主共和国,但却为资本主义的发展提供了了一定有利条件,中国的现代化建设进入了启动阶段。 |
| ● |
| 相关链接 |
|
|
|
|
正题名:民国经济
索取号:F129.6/99=2
 
预约/预借
| 序号 | 登录号 | 条形码 | 馆藏地/架位号 | 状态 | 备注 |
| 1 | 0962859 | 209628599 | 第一样本阅览室/ [索取号:F129.6/99=2] | 在馆 | |
| 2 | 0962860 | 209628606 | 第一借阅区/ [索取号:F129.6/99=2] | 在馆 | |
| 3 | 0962861 | 209628615 | 第一借阅区/ [索取号:F129.6/99=2] | 在馆 | |
| 4 | 0962862 | 209628624 | 密集书库-海洋学院/ [索取号:F129.6/99=2] | 在馆 |